|
|
|
|
| LEADER |
00000nab a2200000 a 4500 |
| 001 |
vtls000171200 |
| 003 |
SK-MaSNL |
| 005 |
20260303073134.0 |
| 008 |
150430c1983 xo 0 slo |
| 015 |
|
|
|a SNBRB19rr/mm-uuuuu
|
| 035 |
|
|
|a CL0181311
|
| 040 |
|
|
|a SNKBUCL
|b slo
|c SNKBUCL
|e AACR2
|
| 041 |
0 |
|
|a slo
|
| 044 |
|
|
|a xo
|c SK
|
| 080 |
|
|
|a 82:301
|2 1981
|
| 080 |
|
|
|a 301
|2 1981
|
| 080 |
|
|
|a 82
|2 1981
|
| 080 |
|
|
|a 929
|2 1981
|
| 080 |
|
|
|a 820
|2 1981
|
| 080 |
|
|
|a 929 Lessing, Doris
|2 1981
|
| 100 |
1 |
|
|a Vasil'jeva, Larisa
|4 aut
|9 47554
|
| 245 |
1 |
0 |
|a Žena a vojna
|c Larisa Vasilievová ; Larisa Vasilieva
|
| 600 |
1 |
7 |
|a Lessing, Doris,
|d 1919-2013
|2 snkbucl
|9 164228
|
| 655 |
|
7 |
|a články z novín a časopisov
|2 snkbucl
|9 267496
|
| 655 |
|
7 |
|a články z odboru literárna veda a krásna literatúra
|2 snkbucl
|9 770045
|
| 773 |
0 |
|
|t Sovětská literatura
|g Č. 11 (1983), s. 125-130
|
| 850 |
|
|
|a Slovenská národná knižnica v Martine
|a MTA001
|
| 852 |
|
|
|a SNK
|b KIS3GCP
|
| 958 |
|
|
|a RK
|
| 958 |
|
|
|a LX
|
| 958 |
|
|
|a SK
|
| 992 |
|
|
|a RBX
|
| 999 |
|
|
|c 1766613
|d 1768543
|